000
00226nam a2200097Ia 4500
008
120527s9999 xx 000 0 und d
100
_a
RUGGIERO, V.R
245
_a
Becoming a critical Thinker
260
_b
Houghton
942
_c
BK
999
_c
25524
_d
25524